LEADER 01295nam a2200313 u 4500 001 000000073958 003 CaOOAMICUS 005 20070226122416.0 008 021127s1998 fr u000 u fre u 020 $a2070753743 035 $a10946163 040 $aPUL$bita 100 1 $aGauchet, Marcel,$d1946-$0(OLS)http://pul/name/38359 245 13$aLa religion dans la démocratie :$bparcours de la laicité /$cMarcel Gauchet. 260 $aParis :$bGallimard,$cc1998. 300 $a127 p. ;$c20 cm 490 1 $aLe débat 504 $aBibliografia in nota. 650 4$aReligione e società.$0(OLS)http://pul/subject/4382 830 3$aLe débat.$0(OLS)http://pul/title/97204 850 $aPUL 852 $aPUL$W1$xCollocazioni Temporanee$y24$mP.14.I.54$j95498$nBK-PRI$b $qStampati$B95498$CPULBib$Z2$F95498 $H $81 852 $aPUL$W1$xDP1 Fondo Pastorale$y55$mP14 I 54$j95499$nBK-PRI$b $qFondi$B95499$CPULBib$Z2$F95499 $H $81 941 1 $a1 941 1 $a8 961 $aINV: 87 996 $6020$a2070753743$9(OLS)http://pul/number/95589 996 $6245$aLa religion dans la démocratie :$bparcours de la laicité$9(OLS)http://pul/title/97203 996 $6260$aParis :$bGallimard$9(OLS)http://pul/publisher/48435 LEADER 01310nam a2200325 u 4500 001 000000032643 003 CaOOAMICUS 005 20070226112256.0 008 971021s1991 it u000 u ita u 020 $a8839404724 035 $a10773701 040 $aPUL(R)$bita 041 1 $aita$heng 100 1 $aRussell, David Syme.$0(OLS)http://pul/name/25275 240 10$aFrom early Judaism to early church.$lItaliano.$0(OLS)http://pul/title/45000 245 10$aDal primo giudaismo alla chiesa delle origini /$cDavid Syme Russell ; edizione italiana a cura di Felice Montagnini. 260 $aBrescia :$bPaideia,$cc1991. 300 $a194 p. ;$c21 cm 490 1 $aStudi biblici ;$v96 500 $aInclude indici. 504 $aBibliografia: p. 183-184. 700 1 $aMontagnini, Felice,$csacerdote,$d1923-2018.$0(OLS)http://pul/name/6530 830 0$aStudi biblici (Paideia) ;$v96.$0(OLS)http://pul/title/88 850 $aPUL 852 $aPUL$W1$xSL Religione 1$y3$m10 M 96$j44956$nBK-PRI$b $qStampati$B44956$CPULBib$Z2$F44956 $81 941 1 $a8 961 $aINV: 72550. 996 $6020$a8839404724$9(OLS)http://pul/number/39901 996 $6245$aDal primo giudaismo alla chiesa delle origini$9(OLS)http://pul/title/45001 996 $6260$aBrescia :$bPaideia$9(OLS)http://pul/publisher/47884